000 01024nam a2200229Ia 4500
999 _c36131
_d36131
001 2031
003 GE_BSU
005 20221010112652.0
008 181216s2007ru xx |||||||||||||| ||rus||
020 _a5238011172
040 _cGE_BSU
041 _arus
080 _a351/354(075.8) М-92
100 _aМухаев,Р.Т.
_915171
245 _aСистема государственного и муниципального управления :
_bУчебник. для студ.по специальн.,,Государственное и муниципальное управление /
_cР.Т. Мухаев.
264 _aМосква :
_bЮнити,
_c2007.
300 _a575 стр.
653 _aСистема государственного и муниципального управления
653 _aსახელმწიფო და მუნიციპალური მმართველობის სისტემა
653 _aსამართალი
942 _cBK
_2udc